Snehová kráľovná

Bibliographic Details
Main Author: Andersen, Hans Christian, 1805-1875 (Author)
Format: Book
Language:Slovak
PhysicalDescription:[10] s. 19x11 cm
Published: Skalica Grafobal 1999
ISBN:8088886880
Subjects:

MARC

LEADER 00000nam a2200000 a 4500
001 vtls001381600
003 SK-MaSNL
005 20260301161405.0
008 240314s1999 xo r 0 slo
015 |a SNBG2000/02-00396 
020 |a 8088886880 
035 |a SNK000335627 
040 |a SNK  |b slo  |c SNK  |e AACR2 
041 0 |a slo 
044 |a xo  |c SK 
080 |a 087.5(084)  |2 1981 
100 1 |a Andersen, Hans Christian,  |d 1805-1875  |4 aut  |9 243296 
245 1 0 |a Snehová kráľovná  |h grafika  |c Hans Christian Andersen 
260 |a Skalica  |b Grafobal  |c 1999 
300 |a [10] s.  |c 19x11 cm 
650 0 7 |a leporelá  |2 SNK  |9 284032 
919 |a 80-88886-88-0 
958 |a GKH 
958 |a TL 
958 |a DB 
999 |c 809257  |d 811187 
952 |t P60, <09>, [BOOK], {629}  |a SNK  |b SNK  |y NEVYP  |7 0  |o snkD 25  |i snk159/20000131  |0 0  |1 0  |4 0  |d 2000-01-27  |l 0  |r 2005-01-02 00:00:00  |w 2026-02-24 
952 |t P60, <03>, [BOOK], {603}  |a SNK  |b SNK  |y PREZ  |7 0  |p 17A0226339  |o snkSD 70601  |i snkKSP 1179/2000  |0 0  |1 0  |4 0  |d 2000-01-27  |l 0  |r 2005-01-02 00:00:00  |w 2026-02-24 
952 |t P60, <04>, [BOOK], {604}  |a SNK  |b SNK  |y VYP  |7 0  |p 17A0226340  |o snkSD 70601 D1  |i snkKSP 1180/2000  |0 0  |1 0  |4 0  |d 2000-01-27  |l 0  |r 2005-01-02 00:00:00  |w 2026-02-24